000 00415nam a2200181Ia 4500
001 701
005 20260306140537.0
008 260306t2011||||xx |||||||||||||| ||spa||
041 _aESP
082 _a142.7
_bH97
100 _aHusserl, Edmund
_eAUT
245 0 _aLa idea de la fenomenologĂ­a
260 _c2011
300 _a173 páginas :
_c21 cm.
650 _aGEN
654 _aCHU
942 _cLIB
_dJUS
_fJUS
_2ddc
_n
999 _c701
_d701